| 000 | 00653nam a2200253Ia 4500 | ||
|---|---|---|---|
| 003 | OSt | ||
| 005 | 20220918221230.0 | ||
| 006 | a|||||r|||| 00| 0 | ||
| 007 | ta | ||
| 008 | 220917b |||||||| |||| 00| 0 eng d | ||
| 024 | _a148,863 | ||
| 037 | _cTextual | ||
| 040 |
_aARTS _cARTS _beng |
||
| 041 |
_2eng _aeng |
||
| 082 | _aT, G9;J0 | ||
| 100 |
_aBrubacher John S _910798 |
||
| 245 | 0 | _aModern philosophers of education | |
| 250 | _a2nd | ||
| 260 | _c1950 | ||
| 490 | _aMcGraw-Hill series in education, ed by Harold Benjamin | ||
| 650 | _aEDUCATION | ||
| 942 |
_hT, G9;J0 _cTEXL _2CC |
||
| 999 |
_c271539 _d271539 |
||